Texasville

Bibliographic Details
Main Author: McMurtry, Larry (Author)
Format: Book
Published: New York : Simon and Schuster , c1987

MARC

LEADER 00000cam a2200000 7i4500
001 0000008760
005 20021119093000.0
008 021119n
090 0 0 |a PS3563   |b .A319 f 
100 0 |a McMurtry, Larry ,   |e author 
245 0 0 |a Texasville   |c Larry McMurtry 
260 2 |a New York :   |b Simon and Schuster ,   |c c1987 
300 |a 542 p. ; ;   |c 24 cm. 
999 |a 1000054374   |b Book   |c OPEN SHELF (30 DAYS)   |e Gong Badak Campus